<?xml version="1.0" encoding="UTF-8"?><record xmlns="http://www.loc.gov/MARC21/slim" xmlns:zs="http://docs.oasis-open.org/ns/search-ws/sruResponse">
  <leader>04119cas a2200913 a 4500</leader>
  <controlfield tag="001">11388067</controlfield>
  <controlfield tag="005">20251107150023.9</controlfield>
  <controlfield tag="008">750817c19709999ilumr p       0   a0eng c</controlfield>
  <datafield ind1=" " ind2=" " tag="010">
    <subfield code="a">   91645423 </subfield>
    <subfield code="z">sc 77001494 </subfield>
  </datafield>
  <datafield ind1="7" ind2=" " tag="016">
    <subfield code="a">0231335</subfield>
    <subfield code="2">DNLM</subfield>
  </datafield>
  <datafield ind1="7" ind2=" " tag="016">
    <subfield code="a">C16960000</subfield>
    <subfield code="2">DNLM</subfield>
  </datafield>
  <datafield ind1=" " ind2=" " tag="019">
    <subfield code="a">2445871</subfield>
    <subfield code="a">501415423</subfield>
    <subfield code="a">610322497</subfield>
    <subfield code="a">610324415</subfield>
    <subfield code="a">643568147</subfield>
    <subfield code="a">706073790</subfield>
    <subfield code="a">970517717</subfield>
    <subfield code="a">1001028812</subfield>
    <subfield code="a">1113423522</subfield>
    <subfield code="a">1160072534</subfield>
  </datafield>
  <datafield ind1="0" ind2=" " tag="022">
    <subfield code="a">0012-3692</subfield>
    <subfield code="2">1</subfield>
  </datafield>
  <datafield ind1="0" ind2=" " tag="023">
    <subfield code="a">0012-3692</subfield>
    <subfield code="2">1</subfield>
  </datafield>
  <datafield ind1="1" ind2=" " tag="029">
    <subfield code="a">AU@</subfield>
    <subfield code="b">000001128926</subfield>
  </datafield>
  <datafield ind1="1" ind2=" " tag="029">
    <subfield code="a">AU@</subfield>
    <subfield code="b">000023021627</subfield>
  </datafield>
  <datafield ind1="1" ind2=" " tag="029">
    <subfield code="a">AU@</subfield>
    <subfield code="b">000026073125</subfield>
  </datafield>
  <datafield ind1="1" ind2=" " tag="029">
    <subfield code="a">NZ1</subfield>
    <subfield code="b">11697201</subfield>
  </datafield>
  <datafield ind1="1" ind2=" " tag="029">
    <subfield code="a">NZ1</subfield>
    <subfield code="b">4896230</subfield>
  </datafield>
  <datafield ind1=" " ind2=" " tag="030">
    <subfield code="a">CHETBF</subfield>
  </datafield>
  <datafield ind1=" " ind2=" " tag="032">
    <subfield code="a">157860</subfield>
    <subfield code="b">USPS</subfield>
  </datafield>
  <datafield ind1=" " ind2=" " tag="035">
    <subfield code="a">(OCoLC)1554067</subfield>
  </datafield>
  <datafield ind1=" " ind2=" " tag="037">
    <subfield code="b">American College of Chest Physicians, 3300 Dundee Rd., Northbrook, IL 60062-2348</subfield>
  </datafield>
  <datafield ind1=" " ind2=" " tag="040">
    <subfield code="a">MUL</subfield>
    <subfield code="b">eng</subfield>
    <subfield code="c">MUL</subfield>
    <subfield code="d">UCU</subfield>
    <subfield code="d">NSD</subfield>
    <subfield code="d">DLC</subfield>
    <subfield code="d">NSD</subfield>
    <subfield code="d">SER</subfield>
    <subfield code="d">RCS</subfield>
    <subfield code="d">NST</subfield>
    <subfield code="d">AIP</subfield>
    <subfield code="d">OCL</subfield>
    <subfield code="d">AIP</subfield>
    <subfield code="d">NSD</subfield>
    <subfield code="d">AIP</subfield>
    <subfield code="d">NSD</subfield>
    <subfield code="d">AIP</subfield>
    <subfield code="d">NST</subfield>
    <subfield code="d">HUL</subfield>
    <subfield code="d">NST</subfield>
    <subfield code="d">CAS</subfield>
    <subfield code="d">NSD</subfield>
    <subfield code="d">NST</subfield>
    <subfield code="d">NSD</subfield>
    <subfield code="d">DLC</subfield>
    <subfield code="d">NST</subfield>
    <subfield code="d">EBZ</subfield>
    <subfield code="d">CAS</subfield>
    <subfield code="d">IUL</subfield>
    <subfield code="d">CUS</subfield>
    <subfield code="d">SYS</subfield>
    <subfield code="d">DLC</subfield>
    <subfield code="d">LVB</subfield>
    <subfield code="d">SBH</subfield>
    <subfield code="d">OCLCQ</subfield>
    <subfield code="d">NLM</subfield>
    <subfield code="d">NLGGC</subfield>
    <subfield code="d">NSD</subfield>
    <subfield code="d">OCLCQ</subfield>
    <subfield code="d">OCLCF</subfield>
    <subfield code="d">OCLCO</subfield>
    <subfield code="d">EUW</subfield>
    <subfield code="d">OCLCQ</subfield>
    <subfield code="d">PRB</subfield>
    <subfield code="d">I8M</subfield>
    <subfield code="d">OCLCO</subfield>
    <subfield code="d">CUI</subfield>
    <subfield code="d">OCLCQ</subfield>
    <subfield code="d">CSJ</subfield>
    <subfield code="d">OCLCA</subfield>
    <subfield code="d">OCLCQ</subfield>
    <subfield code="d">OCLCA</subfield>
    <subfield code="d">FUG</subfield>
    <subfield code="d">OCLCO</subfield>
    <subfield code="d">UBY</subfield>
    <subfield code="d">OCLCO</subfield>
    <subfield code="d">OCLCQ</subfield>
    <subfield code="d">OCLCL</subfield>
    <subfield code="d">OCLCQ</subfield>
  </datafield>
  <datafield ind1=" " ind2=" " tag="042">
    <subfield code="a">nsdp</subfield>
    <subfield code="a">pcc</subfield>
  </datafield>
  <datafield ind1="0" ind2="0" tag="050">
    <subfield code="a">RC705</subfield>
    <subfield code="b">.D5</subfield>
  </datafield>
  <datafield ind1="0" ind2="0" tag="060">
    <subfield code="a">W1</subfield>
    <subfield code="b">CH415</subfield>
  </datafield>
  <datafield ind1="0" ind2="4" tag="082">
    <subfield code="a">616.2</subfield>
    <subfield code="1">https://id.oclc.org/worldcat/ddc/E33yqPD3HHGrcdxXMTqTTjttVd</subfield>
  </datafield>
  <datafield ind1="0" ind2=" " tag="130">
    <subfield code="a">Chest (American College of Chest Physicians)</subfield>
  </datafield>
  <datafield ind1="0" ind2=" " tag="210">
    <subfield code="a">Chest</subfield>
    <subfield code="b">(Amer. Coll. Chest Phys.)</subfield>
  </datafield>
  <datafield ind1=" " ind2="0" tag="222">
    <subfield code="a">Chest</subfield>
    <subfield code="b">(American College of Chest Physicians)</subfield>
  </datafield>
  <datafield ind1="1" ind2="0" tag="245">
    <subfield code="a">Chest :</subfield>
    <subfield code="b">official publication of the American College of Chest Physicians.</subfield>
  </datafield>
  <datafield ind1=" " ind2="1" tag="264">
    <subfield code="a">[Chicago, Ill.] :</subfield>
    <subfield code="b">American College of Chest Physicians,</subfield>
    <subfield code="c">[1970?-</subfield>
  </datafield>
  <datafield ind1="3" ind2="1" tag="264">
    <subfield code="3">2016- :</subfield>
    <subfield code="a">[Philadelphia, Pa.] :</subfield>
    <subfield code="b">Elsevier Health Sciences</subfield>
  </datafield>
  <datafield ind1=" " ind2=" " tag="300">
    <subfield code="a">volumes :</subfield>
    <subfield code="b">illustrations ;</subfield>
    <subfield code="c">28 cm</subfield>
  </datafield>
  <datafield ind1=" " ind2=" " tag="310">
    <subfield code="a">Monthly</subfield>
  </datafield>
  <datafield ind1=" " ind2=" " tag="336">
    <subfield code="a">text</subfield>
    <subfield code="b">txt</subfield>
    <subfield code="2">rdacontent</subfield>
  </datafield>
  <datafield ind1=" " ind2=" " tag="337">
    <subfield code="a">unmediated</subfield>
    <subfield code="b">n</subfield>
    <subfield code="2">rdamedia</subfield>
  </datafield>
  <datafield ind1=" " ind2=" " tag="338">
    <subfield code="a">volume</subfield>
    <subfield code="b">nc</subfield>
    <subfield code="2">rdacarrier</subfield>
  </datafield>
  <datafield ind1="0" ind2=" " tag="362">
    <subfield code="a">Vol. 57, no. 1 (Jan. 1970)-</subfield>
  </datafield>
  <datafield ind1=" " ind2=" " tag="500">
    <subfield code="a">Published: Northbrook, IL, &lt;1991-&gt;</subfield>
  </datafield>
  <datafield ind1=" " ind2=" " tag="500">
    <subfield code="a">Title from cover.</subfield>
  </datafield>
  <datafield ind1="2" ind2=" " tag="510">
    <subfield code="a">Chemical abstracts</subfield>
    <subfield code="x">0009-2258</subfield>
    <subfield code="b">-1988</subfield>
  </datafield>
  <datafield ind1="0" ind2=" " tag="510">
    <subfield code="a">Chemical abstracts</subfield>
    <subfield code="x">0009-2258</subfield>
    <subfield code="b">1996-</subfield>
  </datafield>
  <datafield ind1=" " ind2=" " tag="525">
    <subfield code="a">Has supplements.</subfield>
  </datafield>
  <datafield ind1=" " ind2=" " tag="530">
    <subfield code="a">Issued on microfiche by University MIcrofilms, in print, on microfilm, and in online versions.</subfield>
  </datafield>
  <datafield ind1="1" ind2=" " tag="588">
    <subfield code="a">Vol. 157, no. 1 (Jan. 2020) (surrogate).</subfield>
  </datafield>
  <datafield ind1=" " ind2="0" tag="650">
    <subfield code="a">Chest</subfield>
    <subfield code="x">Diseases</subfield>
    <subfield code="v">Periodicals.</subfield>
  </datafield>
  <datafield ind1=" " ind2="0" tag="650">
    <subfield code="a">Chest</subfield>
    <subfield code="v">Periodicals.</subfield>
  </datafield>
  <datafield ind1=" " ind2="0" tag="650">
    <subfield code="a">Chest</subfield>
    <subfield code="x">Diseases.</subfield>
  </datafield>
  <datafield ind1="1" ind2="2" tag="650">
    <subfield code="a">Thoracic Diseases</subfield>
  </datafield>
  <datafield ind1=" " ind2="6" tag="650">
    <subfield code="a">Thorax</subfield>
    <subfield code="v">Périodiques.</subfield>
  </datafield>
  <datafield ind1=" " ind2="6" tag="650">
    <subfield code="a">Thorax</subfield>
    <subfield code="x">Maladies</subfield>
    <subfield code="v">Périodiques.</subfield>
  </datafield>
  <datafield ind1=" " ind2="6" tag="650">
    <subfield code="a">Thorax</subfield>
    <subfield code="x">Maladies.</subfield>
  </datafield>
  <datafield ind1=" " ind2="7" tag="650">
    <subfield code="a">Chest.</subfield>
    <subfield code="2">fast</subfield>
    <subfield code="0">(OCoLC)fst00853827</subfield>
  </datafield>
  <datafield ind1=" " ind2="7" tag="650">
    <subfield code="a">Chest</subfield>
    <subfield code="x">Diseases.</subfield>
    <subfield code="2">fast</subfield>
    <subfield code="0">(OCoLC)fst00853831</subfield>
  </datafield>
  <datafield ind1="1" ind2="7" tag="650">
    <subfield code="a">Ademhalingsorganen.</subfield>
    <subfield code="2">gtt</subfield>
  </datafield>
  <datafield ind1="1" ind2="7" tag="650">
    <subfield code="a">Hart en bloedvaten.</subfield>
    <subfield code="2">gtt</subfield>
  </datafield>
  <datafield ind1=" " ind2="2" tag="655">
    <subfield code="a">Periodical</subfield>
  </datafield>
  <datafield ind1=" " ind2="7" tag="655">
    <subfield code="a">periodicals.</subfield>
    <subfield code="2">aat</subfield>
  </datafield>
  <datafield ind1=" " ind2="7" tag="655">
    <subfield code="a">Periodicals.</subfield>
    <subfield code="2">fast</subfield>
    <subfield code="0">(OCoLC)fst01411641</subfield>
  </datafield>
  <datafield ind1=" " ind2="7" tag="655">
    <subfield code="a">Periodicals.</subfield>
    <subfield code="2">lcgft</subfield>
  </datafield>
  <datafield ind1=" " ind2="7" tag="655">
    <subfield code="a">Périodiques.</subfield>
    <subfield code="2">rvmgf</subfield>
  </datafield>
  <datafield ind1="2" ind2=" " tag="710">
    <subfield code="a">American College of Chest Physicians,</subfield>
    <subfield code="e">issuing body.</subfield>
    <subfield code="1">https://id.oclc.org/worldcat/entity/E39QH7JmrB8JY9GrYybxRfRjRg</subfield>
  </datafield>
  <datafield ind1="0" ind2="8" tag="776">
    <subfield code="i">Online version:</subfield>
    <subfield code="t">Chest (American College of Chest Physicians : Online)</subfield>
    <subfield code="x">1931-3543</subfield>
    <subfield code="w">(DLC)  2006213479</subfield>
    <subfield code="w">(OCoLC)38424768</subfield>
  </datafield>
  <datafield ind1="0" ind2="8" tag="776">
    <subfield code="i">Microfiche version:</subfield>
    <subfield code="t">Chest (American College of Chest Physicians : Microfiche, UM)</subfield>
    <subfield code="w">(OCoLC)20480283</subfield>
  </datafield>
  <datafield ind1="0" ind2="8" tag="776">
    <subfield code="i">Microfilm version:</subfield>
    <subfield code="t">Chest (American College of Chest Physicians : Microfilm, UM)</subfield>
    <subfield code="w">(OCoLC)8457267</subfield>
  </datafield>
  <datafield ind1="0" ind2="0" tag="780">
    <subfield code="t">Diseases of the chest</subfield>
    <subfield code="x">0096-0217</subfield>
    <subfield code="w">(DLC)sn 79006323</subfield>
    <subfield code="w">(OCoLC)1566767</subfield>
  </datafield>
  <datafield ind1=" " ind2=" " tag="850">
    <subfield code="a">CU-AM</subfield>
    <subfield code="a">DLC</subfield>
    <subfield code="a">IaAS</subfield>
    <subfield code="a">InLP</subfield>
    <subfield code="a">InU</subfield>
    <subfield code="a">KPT</subfield>
    <subfield code="a">MBCo</subfield>
    <subfield code="a">NIC</subfield>
    <subfield code="a">NcRS</subfield>
    <subfield code="a">NjMuA</subfield>
    <subfield code="a">NjR</subfield>
    <subfield code="a">PPF</subfield>
    <subfield code="a">TxU</subfield>
  </datafield>
  <datafield ind1="1" ind2="2" tag="853">
    <subfield code="8">1</subfield>
    <subfield code="a">v.</subfield>
    <subfield code="b">no.</subfield>
    <subfield code="u">06</subfield>
    <subfield code="v">r</subfield>
    <subfield code="i">(year)</subfield>
    <subfield code="j">(month)</subfield>
    <subfield code="w">m</subfield>
    <subfield code="x">01,07</subfield>
  </datafield>
  <datafield ind1="4" ind2="1" tag="859">
    <subfield code="u">http://www.chestjournal.org/</subfield>
  </datafield>
  <datafield ind1="4" ind2="0" tag="863">
    <subfield code="8">1</subfield>
    <subfield code="a">&lt;57&gt;-</subfield>
    <subfield code="i">&lt;1970&gt;-</subfield>
    <subfield code="x">provisional</subfield>
  </datafield>
  <datafield ind1=" " ind2=" " tag="906">
    <subfield code="a">7</subfield>
    <subfield code="b">cbc</subfield>
    <subfield code="c">serials</subfield>
    <subfield code="d">2</subfield>
    <subfield code="e">ncip</subfield>
    <subfield code="f">19</subfield>
    <subfield code="g">n-oclcserc</subfield>
  </datafield>
  <datafield ind1=" " ind2=" " tag="890">
    <subfield code="a">Chest.  (American College of Chest Physicians)  Chicago.</subfield>
  </datafield>
  <datafield ind1=" " ind2=" " tag="920">
    <subfield code="a">Keep 1</subfield>
  </datafield>
  <datafield ind1=" " ind2=" " tag="984">
    <subfield code="a">srvf</subfield>
    <subfield code="d">2001-12-12</subfield>
  </datafield>
  <datafield ind1=" " ind2=" " tag="985">
    <subfield code="e">eserial 200406</subfield>
  </datafield>
  <datafield ind1=" " ind2=" " tag="991">
    <subfield code="b">c-GenColl</subfield>
    <subfield code="h">RC705</subfield>
    <subfield code="i">.D5</subfield>
    <subfield code="w">SERIALS</subfield>
  </datafield>
  <datafield ind1=" " ind2=" " tag="991">
    <subfield code="b">c-GenColl</subfield>
    <subfield code="h">RC705</subfield>
    <subfield code="i">.D5</subfield>
    <subfield code="p">00018785584</subfield>
    <subfield code="t">Copy 1</subfield>
    <subfield code="v">96:Oct-Dec</subfield>
    <subfield code="w">CCF</subfield>
  </datafield>
</record>
